000 00599cam a2200205 4500
001 D15140
008 090401t1984 xxu||||| |||| 00| 0 eng d
035 _a(Sirsi) u20479
041 _aeng
050 _a690.2
110 _aRoyal Institution of Chartered Surveyors
_94900
245 _aBuilding surveyors` weekend briefing, University of Warwick, 30 March - 1 April 1984
260 _aLondon
_bSurveyors Technical Services
_c1984
300 _a6 papers
350 _a0
520 _aFiled in box RICS 1984/9 AB
710 _aBuilding Surveyors Division
942 _n0
948 _c04/03/1997
999 _c87825
_d87825